Statistics for analogiez #2

Click here to take the quiz!

General Stats

  • This quiz has been taken 19 times
  • The average score is 20 of 35

Answer Stats

This is to this …As …% Correct
Kiwi is to New ZealandYankee is to {America}
100%
COVID-19 is to AsiaEbola is to {Africa}
94%
Palaeontologist is to FossilsZoology is to {animals}
94%
Bible is to Christianity{Quran} is to Islam
89%
Newton is to Gravity{Einstein} is to Relativity
83%
Democratic is to DonkeyRepublican is to {Elephant}
78%
Peso is to MexicoRuble is to {Russia}
78%
Pyongyang is to North Korea{Amsterdam} is to The Netherlands
72%
Serbia is to YugoslaviaRussia is to {Soviet Union}
72%
Alexa is to Amazon{Siri} is to Apple
72%
Quartet is to 4{Trio} is to 3
72%
Tuba is to BrassFlute is to {Woodwind}
67%
Romeo is to MontagueJuliet is to {capulet}
67%
Halal is to IslamKosher is to {Judaism}
61%
Mao is to ChinaPol Pot is to {cambodia}
61%
Helios is to GreeceRa is to {Egypt}
61%
Moa is to New ZealandDodo is to {Mauritius}
56%
United States is to PresidentGermany is to {Chancellor}
56%
Pho is to VietnamPoutine is to {Canada}
56%
Avocado is to Guacamole{Tomato} is to Gazpacho
56%
Fitzgerald is to The Great Gatsby{Austen} is to Pride and Prejudice
50%
The Beatles are to LiverpoolNirvana is to {Seattle}
50%
Cents are to DollarsPence are to {pound}
50%
United Kingdom is to God Save the QueenUnited States is to {star spangled banner}
50%
Jim Crowe is to The United States{Apartheid} is to South Africa
39%
Cancer is to Crab{Capricorn} is to Horned Goat
39%
Monastery is to Monk{Convent} is to Nuns
39%
Pedro is to Peter{Felipe} is to Philip
39%
Kon'nichiwa is to Japan{Ni Hao} is to China
39%
Pharaoh is to EgyptSultan is to {Ottoman Empire}
39%
Eva Braun is to CyanideSocrates is to {Hemlock}
33%
Ariel is to The Little Mermaid{Tiana} is to Princess and The Frog
33%
Monday is to Fair of FaceWednesday is to {full of woe}
28%
Kangaroo is to Australia{Springbok} is to South Africa
22%
$10 is to Kate Sheppard$50 is to {Apirana Ngata}
11%

Score Distribution

Percentile by Number Answered

Percent of People with Each Score

Your Score History

You have not taken this quiz